000 02855cam a2200769 i 4500
001 5578
003 FISKH
005 20241218145458.0
006 m |o d |
007 cr |||||||||||
008 171117t20192014nyua jo 000 1 eng
010 _a 2023700336
020 _a9781532141973
_qebook
020 _a9781423183457
020 _z9781532141973
_q(hbk.)
020 _z1532141971
_q(hbk.)
040 _aDLC
_beng
_erda
_epn
_cDLC
050 _aPZ7
082 _a156
100 1 _aMarsoli, Lisa Ann,
_d1958-
_eauthor.
245 1 0 _aSofia takes the lead /
_cadapted by Lisa Ann Marsoli ; illustrated by Character Building Studio and the Disney Storybook Art Team.
250 _aReinforced library bound edition.
260 _aNew York :
_bDisney Enterprise,
_c2014.
300 _a32 pages :
_bcolor illustrations ;
_c23 cm
336 _atext
_btxt
_2rdacontent
337 _acomputer
_bc
_2rdamedia
338 _aonline resource
_bcr
_2rdacarrier
490 _3Wolf of reading
_vLevel 1
505 _aH
520 _aWhen Baileywick joins Sofia's Buttercup troop to protect her, Sofia proves she can take care of herself and Baileywick, too!
521 8 _a470
_bLexile
521 8 _aH
_bRaz-Plus
650 0 _aPrincesses
_vJuvenile fiction.
650 0 _aSelf-reliance
_vJuvenile fiction.
650 0 _aHiking
_vJuvenile fiction.
650 0 _aScouts (Youth organization members)
_vJuvenile fiction.
650 1 _aPrincesses
_vFiction.
650 1 _aSelf-reliance
_vFiction.
650 1 _aHiking
_vFiction.
650 1 _aScouts (Youth organization members)
_vFiction.
650 7 _aJUVENILE FICTION
_xHumorous Stories.
_2bisacsh
650 7 _aJUVENILE FICTION
_xMedia Tie-In.
_2bisacsh
650 7 _aJUVENILE FICTION
_xRoyalty.
_2bisacsh
650 7 _aPrincesses.
_2fast
_0(OCoLC)fst01076505
650 7 _aClubs
_vFiction.
_2sears
650 7 _aLeadership
_vFiction.
_2sears
650 7 _aRadio and television novels.
_2sears
650 7 _aAdventure fiction.
_2sears
650 7 _aPrincesses
_vFiction.
_2sears
655 4 _aChildren.s readers.
_5NZ-WeK
655 7 _aReaders (Primary)
_2fast
_0(OCoLC)fst01726484
655 7 _aFiction.
_2fast
_0(OCoLC)fst01423787
655 7 _aJuvenile works.
_2fast
_0(OCoLC)fst01411637
655 7 _aAdventure fiction.
_2gsafd
655 7 _aRadio and television novels.
_2gsafd
655 7 _aReaders (Elementary)
_2lcgft
655 7 _aReaders (Elementary)
_2sears
655 7 _aAdventure fiction.
_2sears
655 7 _aRadio and television novels.
_2sears
710 2 _aDisney Storybook Artists,
_eillustrator.
710 2 _aCharacter Building Studio (Firm),
_eillustrator.
710 2 _aABDO Publishing Company.
710 2 _aDisney Enterprises (1996-)
906 _a7
_bcbc
_corigcop
_d1
_eecip
_f20
_gy-gencatlg
942 _2ddc
_cBK
_n0
999 _c5578
_d5578